| 000 | 00514nam a2200181Ia 4500 | ||
|---|---|---|---|
| 999 |
_c13467 _d13467 |
||
| 003 | OSt | ||
| 005 | 20201116100800.0 | ||
| 008 | 190216s9999||||xx |||||||||||||| ||und|| | ||
| 020 | _a004210036 | ||
| 040 | _coclc | ||
| 082 |
_a420 _bDON/V |
||
| 100 |
_aO'Donnell, W R _96573 |
||
| 245 | 0 |
_aVariety In Contemporary English / _cW R O 'Donnell |
|
| 260 |
_bGeorge Allen And Unwin, _c1987. _aLondon: |
||
| 300 | _a156p | ||
| 650 | _aEnglish Grammer | ||
| 942 |
_cBK _2ddc _h420 _iDON/V _k420 _mDON/V |
||